000 00740nam a2200289Ia 4500
005 20260324142257.0
008 008 260324s9999 xx 000 0 eng d
020 _a9781003062271
037 _aEBOOK
040 _aCRL
040 _beng
040 _cCRL
041 _2eng
041 _aeng
084 _qCRL
100 _aC Bandle; J Saint Jean Paulin; Michel Chipot; Josef Bemelmans; I Shafrir
_91211361
245 0 _aElliptic and Parabolic Problems
245 0 _bPont-A-Mousson 1994, Volume 325
260 _bTaylor and Francis
260 _c1995
365 _a
365 _b260
856 _uhttp://www.taylorfrancis.com/books/9781003062271
942 _cEBOOK
999 _c1815328
_d1815328